000 00670nam a2200229 a 4500
003 OSt
005 20151201162610.0
008 020226s1997 esp 000 1 spa d
020 _a84-7844-373-8
040 _cBMC
082 _a808.06842
245 0 4 _aLas mejores historias sobre perros
_cSegún Gerald Durrell ; traducción, Javier Alfaya
250 _a2ª ed
260 _aMadrid
_bSiruela
_c1997
300 _a234 p., [1] h.
_c21 cm
490 0 _aLa tres edades
_v56
595 _aTraducción de: Best dog stories
650 2 4 _929437
_aCuentos ingleses
700 1 _aAlfaya, Javier‏
_929701
700 1 _aDurrell, Gerald
_937424
_d1925-1995
942 _2ddc
_cBK
999 _c23684
_d23684